[Event "Olimpiade 2014 - Open"]
[Site "Tromsø"]
[Date "03.08.2014"]
[Round "2.65"]
[Board "2"]
[White "Seijp V/d, Quintin"]
[Black "Kojima, Shinya"]
[Result "0-1"]
[BlackTitle "FM"]
[WhiteElo "1883"]
[BlackElo "2373"]
[WhiteTeam "Aruba"]
[BlackTeam "Japan"]
[WhiteFideId "15900428"]
[BlackFideId "7000812"]
[EventDate "2014.08.02"]

1. d4 d5 2. c4 c6 3. Nf3 Nf6 4. Nc3 dxc4 5. a4 Bf5 6. e3 e6 7. Bxc4 Bb4 8. O-O
O-O 9. Qe2 Bg4 10. Rd1 Nbd7 11. e4 Qe7 12. e5 Nd5 13. Bg5 Bxf3 14. Bxe7 Bxe2 15.
Bxf8 Bxc4 16. Bxb4 Nxb4 17. Ne4 a5 18. Nd6 Bb3 19. Rd2 b6 20. Ra3 Bd5 21. f4 g6
22. g4 c5 23. Rc3 Nc6 24. Nb5 cxd4 25. Nxd4 Nxd4 26. Rxd4 g5 27. Rc7 Rd8 28.
fxg5 Nxe5 29. Kf1 Bg2+ 0-1

[Event "Olimpiade 2014 - Open"]
[Site "Tromsø"]
[Date "03.08.2014"]
[Round "2.65"]
[Board "3"]
[White "Watanabe, Akira"]
[Black "Bueno, Mark"]
[Result "1-0"]
[WhiteTitle "FM"]
[WhiteElo "2252"]
[BlackElo "1828"]
[WhiteTeam "Japan"]
[BlackTeam "Aruba"]
[WhiteFideId "7000227"]
[BlackFideId "15900371"]
[EventDate "2014.08.02"]

1. d4 Nf6 2. c4 e6 3. Nc3 Bb4 4. e3 d5 5. cxd5 exd5 6. Bd3 O-O 7. Ne2 c5 8. a3
Bxc3+ 9. bxc3 Nc6 10. O-O Qa5 11. Bd2 c4 12. Bc2 Ne7 13. Ng3 Re8 14. f3 h5 15.
e4 h4 16. Ne2 dxe4 17. fxe4 Qh5 18. Nf4 Qxd1 19. Raxd1 Bg4 20. Rde1 b5 21. e5
Nfd5 22. Nxd5 Nxd5 23. Re4 Be6 24. Rxh4 a5 25. Bh7+ Kf8 26. Be4 Ke7 27. Rf3 Rh8
28. Rxh8 Rxh8 29. h3 Rb8 30. Kf2 Rf8 31. Ke2 Rc8 32. Kd1 Kd7 33. Kc2 Rb8 34. Rf1
Rb6 35. g4 Rb8 36. h4 Rh8 37. h5 Nc7 38. Bf3 a4 39. Rb1 Rb8 40. Rf1 Nd5 41. Rb1
Kc6 42. Kd1 Kb6 43. Ke1 Rf8 44. Kf2 Rh8 45. Kg3 Kc6 46. Be4 Kb6 47. Rf1 Kc6 48.
Bf5 Kd7 49. Rb1 Rb8 50. Bc2 Kc7 51. Kh4 Ne7 52. Rf1 Rh8 53. Kg5 Nd5 54. Bf5 Kd7
55. Be4 Kc6 56. Kh4 Kd7 57. Rb1 Rb8 58. g5 Ne7 59. g6 fxg6 60. hxg6 Kc7 61. Rf1
Rh8+ 62. Kg3 Nd5 63. Bf5 Bg8 64. Bg5 Nxc3 65. e6 Kd6 66. Re1 Bxe6 67. Bxe6 Re8
68. Bf4+ Kc6 69. d5+ Kb6 70. d6 Nd5 71. d7 1-0

[Event "Olimpiade 2014 - Open"]
[Site "Tromsø"]
[Date "03.08.2014"]
[Round "2.65"]
[Board "4"]
[White "Croes, Octavio"]
[Black "Averbukh, Alex"]
[Result "0-1"]
[WhiteTitle "CM"]
[WhiteElo "1892"]
[BlackElo "2183"]
[WhiteTeam "Aruba"]
[BlackTeam "Japan"]
[WhiteFideId "1007220"]
[BlackFideId "2028255"]
[EventDate "2014.08.02"]

1. d4 b6 2. c4 Bb7 3. Nf3 e6 4. a3 Nf6 5. Nc3 Be7 6. g3 Ne4 7. Nxe4 Bxe4 8. d5
O-O 9. Bg2 Bf6 10. O-O a5 11. Nd4 Bxg2 12. Kxg2 Na6 13. Rb1 a4 14. b3 axb3 15.
Nxb3 Qe7 16. f3 Bg5 17. f4 Bf6 18. e4 e5 19. f5 Nc5 20. Nxc5 Qxc5 21. Qd3 Ra4
22. Rb4 Rfa8 23. Be3 Qf8 24. Rfb1 Rxa3 25. R4b3 Be7 26. Bc1 R3a4 27. g4 Bc5 28.
Bb2 Qe7 29. Kg3 Kf8 30. h4 Ke8 31. g5 f6 32. Kg4 Kd8 33. Re1 Kc8 34. Rb5 Kb7 35.
Re2 Rh8 36. Qb3 Ra6 37. Qd3 h5+ 38. gxh6 gxh6 39. h5 Rg8+ 40. Kh4 Qg7 41. Qf3
Ra4 42. Rc2 Qg1 43. Rb3 Rxc4 44. Rbc3 Qe1+ 45. Kh3 Rxe4 0-1

[Event "Olimpiade 2014 - Open"]
[Site "Tromsø"]
[Date "03.08.2014"]
[Round "2.66"]
[Board "1"]
[White "Masrhi, Abdulrahman A"]
[Black "Haddouche, Mohamed"]
[Result "0-1"]
[BlackTitle "GM"]
[WhiteElo "1746"]
[BlackElo "2508"]
[WhiteTeam "Saudi Arabia"]
[BlackTeam "Algeria"]
[WhiteFideId "21501564"]
[BlackFideId "7900660"]
[EventDate "2014.08.02"]

1. d4 d6 2. Bf4 Nf6 3. e3 g6 4. Be2 Bg7 5. h3 O-O 6. Nf3 Nbd7 7. c4 b6 8. Nc3
Bb7 9. O-O Re8 10. Bh2 e5 11. Qc2 exd4 12. exd4 Ne4 13. Rfe1 Ndf6 14. Rad1 Qd7
15. b4 Re7 16. c5 Nxc3 17. Qxc3 Rae8 18. Bc4 Rxe1+ 19. Nxe1 dxc5 20. bxc5 Ne4
21. Qc2 Bxd4 22. Bxf7+ Kxf7 23. Qc4+ Qd5 24. Qxd4 Qxd4 25. Rxd4 Nxc5 26. Nf3
Bxf3 27. gxf3 Re2 28. a4 Ra2 29. Bxc7 Rxa4 30. Rxa4 Nxa4 31. Kf1 Ke6 32. Ke2 Kd5
33. Kd3 b5 34. Ba5 Nc5+ 35. Kc3 Nb7 0-1

[Event "Olimpiade 2014 - Open"]
[Site "Tromsø"]
[Date "03.08.2014"]
[Round "2.66"]
[Board "2"]
[White "Bengherabi, Khalil"]
[Black "Al Habeeb, Emad"]
[Result "1-0"]
[WhiteTitle "FM"]
[WhiteElo "2170"]
[BlackElo "2044"]
[WhiteTeam "Algeria"]
[BlackTeam "Saudi Arabia"]
[WhiteFideId "7900325"]
[BlackFideId "21500029"]
[EventDate "2014.08.02"]

1. e4 c6 2. Nf3 d5 3. Nc3 dxe4 4. Nxe4 Nf6 5. Nxf6+ exf6 6. d4 Bg4 7. Be2 Be7 8.
O-O O-O 9. c4 Qc7 10. Be3 Nd7 11. Qd2 Nb6 12. Rac1 Rfd8 13. Rfd1 Qd7 14. h3 Be6
15. Qc2 Rac8 16. Qb3 Na8 17. Qa4 a6 18. a3 Nc7 19. Qa5 Re8 20. Rc2 b5 21. d5
cxd5 22. cxb5 axb5 23. Bf4 Bd6 24. Bxd6 Qxd6 25. Rdc1 Bf5 26. Rxc7 Rxc7 27. Rxc7
Rxe2 28. Nd4 Rxb2 29. Qa8+ Qf8 30. Qxf8+ Kxf8 31. Nxf5 Rb1+ 32. Kh2 Re1 33. Rc8+
Re8 34. Rxe8+ Kxe8 35. Kg3 g6 36. Nd4 Kd7 37. Nxb5 Kc6 38. a4 Kb6 39. Kf3 Ka5
40. Ke3 Kxa4 41. Nc3+ Ka5 42. Nxd5 f5 43. Kf4 Kb5 44. Ke5 Kc4 45. Nf6 h5 46.
Nxh5 gxh5 47. Kxf5 Kd4 48. Kg5 Ke4 49. Kxh5 Kd5 1-0

[Event "Olimpiade 2014 - Open"]
[Site "Tromsø"]
[Date "03.08.2014"]
[Round "2.66"]
[Board "3"]
[White "Al Mutairi, Hassan S"]
[Black "Belouadah, Saad"]
[Result "0-1"]
[BlackTitle "IM"]
[WhiteElo "2075"]
[BlackElo "2320"]
[WhiteTeam "Saudi Arabia"]
[BlackTeam "Algeria"]
[WhiteFideId "21500193"]
[BlackFideId "7900856"]
[EventDate "2014.08.02"]

1. d4 d6 2. Bf4 g6 3. e3 Bg7 4. Nf3 c6 5. Be2 Qb6 6. Qc1 Nd7 7. c3 e5 8. Bg3 Ne7
9. Na3 Nf5 10. Nc4 Qc7 11. Qd1 O-O 12. e4 Nxg3 13. hxg3 b5 14. Ne3 exd4 15. Nxd4
Nf6 16. Bf3 Bb7 17. O-O Rfe8 18. a4 a6 19. Qd3 c5 20. Ndc2 c4 21. Qd1 Nxe4 22.
axb5 axb5 23. Nd4 Qc5 24. Nec2 d5 25. Bxe4 dxe4 26. Qg4 f5 27. Qg5 Qb6 28. Rfd1
Rad8 29. g4 h6 30. Qf4 g5 31. Qxf5 Re5 0-1

[Event "Olimpiade 2014 - Open"]
[Site "Tromsø"]
[Date "03.08.2014"]
[Round "2.67"]
[Board "1"]
[White "Emojong, Elijah"]
[Black "Van Rensselaer, William"]
[Result "1-0"]
[WhiteTitle "IM"]
[BlackTitle "FM"]
[WhiteElo "2334"]
[BlackElo "1908"]
[WhiteTeam "Uganda"]
[BlackTeam "US Virgin Isles"]
[WhiteFideId "10000402"]
[BlackFideId "6800165"]
[EventDate "2014.08.02"]

1. e4 d5 2. exd5 Nf6 3. d4 Bg4 4. f3 Bf5 5. c4 e6 6. dxe6 Nc6 7. Be3 Nb4 8. Na3
Be7 9. exf7+ Kxf7 10. Qb3 Re8 11. Be2 Bd6 12. Kf1 Nd3 13. c5+ Kf8 14. Bd2 Bxc5
15. Nc2 Bxd4 16. Bxd3 Bxd3+ 17. Qxd3 Bxb2 18. Bb4+ c5 19. Bxc5+ Kf7 20. Qxd8
Raxd8 21. Rb1 b6 22. Be3 Bc3 23. Ne2 Nd5 24. Bd4 Rxe2 25. Kxe2 Bxd4 26. Nxd4
Nc3+ 27. Ke3 Nxb1 28. Rxb1 Rc8 29. h4 Rc3+ 30. Ke4 Ra3 31. Rb2 Ra4 32. g4 h6 33.
f4 Kg6 34. Kd5 h5 35. f5+ Kh6 36. g5+ Kh7 37. Rf2 Ra5+ 38. Kd6 Ra4 39. Rf4 Rxa2
40. f6 1-0

[Event "Olimpiade 2014 - Open"]
[Site "Tromsø"]
[Date "03.08.2014"]
[Round "2.67"]
[Board "2"]
[White "Massana, Jorge"]
[Black "Kawuma, Patrick"]
[Result "1-0"]
[WhiteTitle "CM"]
[BlackTitle "CM"]
[WhiteElo "2180"]
[BlackElo "2261"]
[WhiteTeam "US Virgin Isles"]
[BlackTeam "Uganda"]
[WhiteFideId "3100073"]
[BlackFideId "10000127"]
[EventDate "2014.08.02"]

1. e4 c5 2. Nc3 Nc6 3. f4 g6 4. Nf3 Bg7 5. Bc4 e6 6. f5 Nge7 7. fxe6 dxe6 8. O-O
O-O 9. d3 Nd4 10. Nxd4 Qxd4+ 11. Kh1 Nc6 12. Qe1 Qd8 13. Be3 Nd4 14. Rc1 Bd7 15.
a3 b5 16. Ba2 Qe7 17. Nd1 Rfd8 18. c3 Nc6 19. Qf2 Bf8 20. d4 cxd4 21. cxd4 Bg7
22. e5 b4 23. h4 h6 24. h5 Be8 25. hxg6 fxg6 26. Bb1 bxa3 27. bxa3 Rab8 28. Nc3
Rb3 29. Ne4 Rxe3 30. Qxe3 Nxd4 31. Nf6+ Kh8 32. Qh3 Bf7 33. Rcd1 Nc6 34. Rxd8+
Qxd8 35. Ng4 h5 36. Qh2 Kg8 37. Nf6+ Kf8 38. Qg3 Qd4 39. Bxg6 Bxg6 40. Qxg6 Qh4+
41. Kg1 Qd4+ 42. Rf2 Bxf6 43. Qxf6+ Ke8 44. Qxe6+ Ne7 45. Qf7+ Kd8 46. Qxh5 1-0

[Event "Olimpiade 2014 - Open"]
[Site "Tromsø"]
[Date "03.08.2014"]
[Round "2.67"]
[Board "3"]
[White "Ssegwanyi, Arthur"]
[Black "Creswell, Reece"]
[Result "1-0"]
[WhiteElo "2299"]
[BlackElo "1645"]
[WhiteTeam "Uganda"]
[BlackTeam "US Virgin Isles"]
[WhiteFideId "10000100"]
[BlackFideId "6800262"]
[EventDate "2014.08.02"]

1. e4 e6 2. d4 d5 3. e5 c5 4. c3 Qb6 5. Nf3 Bd7 6. a3 Bb5 7. c4 Bxc4 8. Bxc4
dxc4 9. d5 exd5 10. Qxd5 Ne7 11. Qxc4 Nd7 12. O-O Ng6 13. Nc3 Be7 14. Nd5 Qc6
15. Re1 O-O 16. e6 fxe6 17. Rxe6 Qxe6 18. Nxe7+ Kf7 19. Ng5+ 1-0

[Event "Olimpiade 2014 - Open"]
[Site "Tromsø"]
[Date "03.08.2014"]
[Round "2.67"]
[Board "4"]
[White "Mongiello, Anthony"]
[Black "Wanyama, Harold"]
[Result "0-1"]
[BlackTitle "FM"]
[WhiteElo "1580"]
[BlackElo "2244"]
[WhiteTeam "US Virgin Isles"]
[BlackTeam "Uganda"]
[WhiteFideId "6800173"]
[BlackFideId "10000380"]
[EventDate "2014.08.02"]

1. d4 d5 2. e4 dxe4 3. f3 exf3 4. Nxf3 Nf6 5. Nc3 Bf5 6. Bc4 e6 7. O-O Bb4 8.
Bg5 O-O 9. Qe1 c6 10. a3 Be7 11. Bb3 Nbd7 12. Nh4 Bg4 13. h3 Bh5 14. Ne2 Qb6 15.
Kh1 Bxe2 16. Qxe2 Qxd4 17. c3 Qe5 18. Qd2 Ne4 19. Qxd7 Ng3+ 20. Kg1 Bc5+ 21. Rf2
Qxg5 22. Nf3 Qe3 23. Qd2 Ne2+ 24. Kh2 Qxf2 25. Bd1 Qg3+ 26. Kh1 Nf4 27. b4 Bf2
28. Ne1 Nxg2 29. Bg4 Nxe1 30. Rxe1 Rad8 31. Qe2 Bxe1 32. Qg2 Rd2 33. Qxg3 Bxg3
34. Kg1 f5 35. Bf3 Rf2 36. Bd1 Rd8 37. Bb3 Rdd2 38. h4 Rb2 39. Bc4 Rb1+ 40. Bf1
Rbxf1# 0-1

[Event "Olimpiade 2014 - Open"]
[Site "Tromsø"]
[Date "03.08.2014"]
[Round "2.68"]
[Board "1"]
[White "Bacchas, Clevert"]
[Black "Juarez Flores, Carlos A."]
[Result "0-1"]
[WhiteTitle "CM"]
[BlackTitle "IM"]
[WhiteElo "1948"]
[BlackElo "2425"]
[WhiteTeam "Bermuda"]
[BlackTeam "Guatemala"]
[WhiteFideId "8800758"]
[BlackFideId "7300018"]
[EventDate "2014.08.02"]

1. d4 d5 2. Nf3 c6 3. e3 Bg4 4. c4 e6 5. Nc3 Nf6 6. Bd3 Nbd7 7. cxd5 exd5 8. O-O
Bd6 9. Re1 O-O 10. e4 dxe4 11. Nxe4 Nxe4 12. Bxe4 h6 13. h3 Bh5 14. Qb3 Nf6 15.
Bc2 Qb6 16. Qxb6 axb6 17. Ne5 Bb4 18. Re3 Nd5 19. Rg3 Kh8 20. Be4 Rad8 21. Bf3
Bxf3 22. Rxf3 Kg8 23. a3 Bd6 24. Bd2 f6 25. Nc4 Rfe8 26. Re1 Rxe1+ 27. Bxe1 Bc7
28. Kf1 b5 29. Ne3 Kf7 30. g3 Bb6 31. Nc2 Nc7 32. Bc3 Ne6 33. Ke2 Bxd4 34. Bxd4
Nxd4+ 35. Nxd4 Rxd4 36. Re3 Rd6 37. Rc3 Ke6 38. Re3+ Kd7 39. Rc3 Rd5 40. f4 Rd4
41. Ke3 Rd1 42. b4 Rh1 43. h4 Ke6 44. Kd4 Kd6 45. Ke4 g6 46. Rd3+ Ke6 47. Rd8
f5+ 48. Kf3 Ra1 49. Rd3 b6 50. Ke2 c5 51. bxc5 bxc5 52. Rb3 Kd5 53. Rxb5 Ra2+
54. Kf1 Rxa3 55. Kf2 Ra6 56. Ke3 Kc4 57. Rb8 h5 58. Rb7 Kc3 59. Rb5 Re6+ 60. Kf2
c4 61. Re5 Rb6 62. Ke3 Kb2 63. Rc5 c3 64. Kd4 c2 0-1

[Event "Olimpiade 2014 - Open"]
[Site "Tromsø"]
[Date "03.08.2014"]
[Round "2.68"]
[Board "2"]
[White "Cu Hor, Winston Darwin"]
[Black "Cooper, Gary"]
[Result "1-0"]
[WhiteTitle "FM"]
[WhiteElo "2259"]
[BlackElo "1844"]
[WhiteTeam "Guatemala"]
[BlackTeam "Bermuda"]
[WhiteFideId "7300662"]
[BlackFideId "8800022"]
[EventDate "2014.08.02"]

1. d4 d5 2. c4 e6 3. Nf3 Nf6 4. g3 Be7 5. Bg2 O-O 6. O-O c5 7. cxd5 exd5 8. Nc3
Nc6 9. dxc5 Bxc5 10. Na4 Be7 11. Be3 b6 12. Nc3 Re8 13. Qa4 Bb7 14. Rfd1 Nb4 15.
a3 Na6 16. b4 Nc7 17. Nd4 Bf8 18. Qb3 Qd7 19. Rd2 g6 20. Rad1 h6 21. Nc2 Rad8
22. Bf4 g5 23. Bxc7 Qxc7 24. Ne3 Re5 25. Ncxd5 Nxd5 26. Bxd5 Bxd5 27. Rxd5 Rexd5
28. Nxd5 Qc6 29. Qf3 Rd6 30. Qf5 Re6 31. Rd3 Bg7 32. e4 Qc1+ 33. Kg2 Qc2 34. e5
Qc6 1-0

[Event "Olimpiade 2014 - Open"]
[Site "Tromsø"]
[Date "03.08.2014"]
[Round "2.68"]
[Board "3"]
[White "Dill, James"]
[Black "Garcia Fuentes, Sergio Miguel"]
[Result "0-1"]
[WhiteElo "1899"]
[BlackElo "2166"]
[WhiteTeam "Bermuda"]
[BlackTeam "Guatemala"]
[WhiteFideId "8800049"]
[BlackFideId "7300549"]
[EventDate "2014.08.02"]

1. e4 c5 2. Nf3 Nc6 3. d4 cxd4 4. Nxd4 Qb6 5. Nxc6 bxc6 6. Nc3 e5 7. Bc4 Nf6 8.
a3 Be7 9. Bb3 Ba6 10. Be3 Qa5 11. f3 O-O 12. Kf2 Rad8 13. Na4 d5 14. exd5 cxd5
15. Bxa7 Rd7 16. Bb6 Qb5 17. Qd3 Qxd3 18. cxd3 Rb8 19. Bc2 Rxb6 20. Nxb6 Bc5+
21. Ke2 Bxb6 22. Rhd1 Bd4 23. Rab1 Rc7 24. Kd2 g6 25. Rdc1 Nh5 26. g3 Kg7 27.
Bb3 Rd7 28. Rc2 e4 29. fxe4 dxe4 30. dxe4 Bxb2+ 31. Ke1 Bxa3 32. Bc4 Bb7 33. Rd2
Re7 34. Kf1 Bxe4 35. Bd3 Bb7 36. Bb5 Nf6 37. Rb3 Bc5 38. Re2 Rc7 39. Reb2 Bd4
40. Rb1 Ne4 41. Rd1 Ba7 42. Rbd3 Nc3 43. Rxc3 Rxc3 44. Rd7 Rc1+ 45. Ke2 Bc6 46.
Bxc6 Rxc6 47. Rxa7 Rc2+ 48. Kf3 Rxh2 49. g4 Rh3+ 50. Kg2 Rb3 51. Ra5 Kf6 52. Kf2
h6 53. Rc5 Rh3 54. Kg2 Re3 55. Rb5 Re5 56. Rb6+ Kg5 57. Kf3 Ra5 58. Rb4 Ra3+ 59.
Kg2 Kh4 60. Rf4 Rg3+ 61. Kh2 Rxg4 62. Rxf7 Ra4 63. Rf6 Ra2+ 64. Kg1 Kg5 65. Rd6
h5 66. Rd5+ Kh6 67. Rd6 h4 68. Rc6 Kh5 69. Rf6 g5 70. Rf2 Rxf2 71. Kxf2 Kg4 72.
Kg2 Kf4 73. Kh2 Kf3 74. Kg1 Kg3 75. Kh1 Kf2 0-1

[Event "Olimpiade 2014 - Open"]
[Site "Tromsø"]
[Date "03.08.2014"]
[Round "2.68"]
[Board "4"]
[White "Lorenzana, Wilson Estuardo"]
[Black "Warren, Jamel"]
[Result "1-0"]
[WhiteTitle "IM"]
[WhiteElo "2222"]
[BlackElo "1534"]
[WhiteTeam "Guatemala"]
[BlackTeam "Bermuda"]
[WhiteFideId "7300239"]
[BlackFideId "8800650"]
[EventDate "2014.08.02"]

1. e4 e5 2. Nf3 Nc6 3. d4 exd4 4. Nxd4 Nxd4 5. Qxd4 d6 6. Nc3 Nf6 7. Be2 Be6 8.
Bg5 Be7 9. O-O-O O-O 10. h4 c5 11. Qa4 h6 12. Be3 b6 13. e5 Ng4 14. Bxg4 Bxg4
15. Qxg4 Kh7 16. f4 f5 17. exf6 Rxf6 18. Ne4 Rf8 19. Ng5+ Bxg5 20. hxg5 Qe7 21.
Rh3 Rad8 22. f5 Qf7 23. g6+ 1-0

[Event "Olimpiade 2014 - Open"]
[Site "Tromsø"]
[Date "03.08.2014"]
[Round "2.69"]
[Board "1"]
[White "Drayton, Anthony"]
[Black "Tologontegin, Semetey"]
[Result "0-1"]
[BlackTitle "FM"]
[WhiteElo "1828"]
[BlackElo "2354"]
[WhiteTeam "Guyana"]
[BlackTeam "Kyrgyzstan"]
[WhiteFideId "19700261"]
[BlackFideId "13800574"]
[EventDate "2014.08.02"]

1. d4 g6 2. Nf3 Bg7 3. Bf4 d6 4. c3 Nd7 5. e3 Ngf6 6. h3 O-O 7. Nbd2 Re8 8. Bc4
d5 9. Bd3 b6 10. O-O Bb7 11. Rc1 c5 12. Re1 a6 13. e4 dxe4 14. Nxe4 cxd4 15.
cxd4 Nd5 16. Bh2 Rc8 17. Qd2 Rxc1 18. Rxc1 Qa8 19. Ne5 Nxe5 20. dxe5 Rd8 21. a3
Nc7 22. Qe3 Ne6 23. f3 Qb8 24. Nf6+ Kh8 25. Bc4 Bc8 26. Nd5 b5 27. Bb3 Bf8 28.
Nb4 Bb7 29. Bxe6 fxe6 30. Qb6 Bh6 31. f4 Qa8 32. Qf2 a5 33. Nc2 Qc8 34. Re1 Rd3
35. Ne3 Qd7 36. Nf1 Qc6 37. Re2 Rd1 38. Rc2 Qe4 39. Rd2 Rc1 40. Qb6 Bf8 41. Qd4
Qb1 42. Qd3 Qa1 43. Kf2 Bd5 44. Ne3 Rh1 45. Rd1 Qxb2+ 46. Kg3 Rxd1 47. Qxd1 Qxa3
48. Qd2 a4 49. Kg4 Qb3 50. Bg1 a3 51. Nc2 a2 52. Bd4 Be4 53. Na1 h5+ 54. Kh4 Qd5
55. g4 Kh7 56. g5 Bf5 57. Kg3 Qh1 58. Qg2 h4+ 59. Kf2 Qd1 60. Bc3 b4 61. Qa8 Bg7
62. Qxa2 bxc3 63. Nb3 Bxh3 64. Qa3 Bg4 0-1

[Event "Olimpiade 2014 - Open"]
[Site "Tromsø"]
[Date "03.08.2014"]
[Round "2.69"]
[Board "2"]
[White "Abdyjapar, Asyl"]
[Black "Greenidge, Ronuel"]
[Result "1-0"]
[WhiteTitle "IM"]
[WhiteElo "2368"]
[BlackElo "1630"]
[WhiteTeam "Kyrgyzstan"]
[BlackTeam "Guyana"]
[WhiteFideId "13800337"]
[BlackFideId "19700075"]
[EventDate "2014.08.02"]

1. d4 d5 2. c4 c6 3. Nf3 Nf6 4. e3 e6 5. Nc3 a6 6. Qc2 Be7 7. Bd3 dxc4 8. Bxc4
b5 9. Bd3 c5 10. dxc5 Bxc5 11. Nxb5 O-O 12. Nc3 Nbd7 13. O-O Bb7 14. Rd1 Qe7 15.
h3 Rac8 16. Qe2 Rc6 17. Bd2 e5 18. e4 Bd4 19. Nd5 Qd8 20. Nxd4 exd4 21. Rac1
Rxc1 22. Nxf6+ Qxf6 23. Rxc1 Qd6 24. Qh5 g6 25. Qa5 Re8 26. Qc7 Qxc7 27. Rxc7
Bc8 28. f4 Nf8 29. e5 Be6 30. a4 Rb8 31. b4 Bb3 32. a5 Ne6 33. Rc6 Bd5 34. Rxa6
Nxf4 35. Bxf4 Rxb4 36. Rd6 Rb3 37. Rxd5 Rxd3 38. Bh6 f6 39. e6 1-0

[Event "Olimpiade 2014 - Open"]
[Site "Tromsø"]
[Date "03.08.2014"]
[Round "2.69"]
[Board "3"]
[White "Su, Haifeng"]
[Black "Takyrbashev, B."]
[Result "0-1"]
[WhiteElo "1724"]
[BlackElo "2229"]
[WhiteTeam "Guyana"]
[BlackTeam "Kyrgyzstan"]
[WhiteFideId "19700202"]
[BlackFideId "13800272"]
[EventDate "2014.08.02"]

1. e4 c5 2. Nf3 Nc6 3. d4 cxd4 4. Nxd4 g6 5. Nxc6 bxc6 6. Bc4 Nf6 7. Nc3 Bg7 8.
O-O O-O 9. Be3 Nxe4 10. Nxe4 d5 11. Bd3 dxe4 12. Bxe4 Ba6 13. Qxd8 Rfxd8 14.
Rfd1 Bxb2 15. Rxd8+ Rxd8 16. Rb1 Bc4 17. g3 Bc3 18. a4 a5 19. Bxc6 Rc8 20. Be4
f5 21. Bb7 Rd8 22. Bf3 e5 23. Rd1 Rxd1+ 24. Bxd1 Kf7 25. f3 Bd5 26. Be2 Bc6 27.
Bc4+ Kf6 28. Bb3 Bxf3 29. Kf2 Be4 30. h4 Ke7 31. Bc5+ Kd7 32. Ke2 f4 33. gxf4
exf4 34. Bf8 Bd4 35. Bh6 f3+ 36. Kd2 f2 37. Bc4 Bg2 0-1

[Event "Olimpiade 2014 - Open"]
[Site "Tromsø"]
[Date "03.08.2014"]
[Round "2.69"]
[Board "4"]
[White "Mamatov, Melis"]
[Black "Varona-Thomas, Maria"]
[Result "1-0"]
[WhiteElo "2106"]
[BlackElo "1777"]
[WhiteTeam "Kyrgyzstan"]
[BlackTeam "Guyana"]
[WhiteFideId "13800027"]
[BlackFideId "19700288"]
[EventDate "2014.08.02"]

1. e4 c5 2. f4 d6 3. Nf3 a6 4. g3 Nc6 5. Bg2 g6 6. O-O Bg7 7. d3 Nf6 8. h3 O-O
9. Nbd2 Qc7 10. c3 Rb8 11. Kh2 b5 12. Qe2 Nh5 13. Nb3 e5 14. fxe5 Nxe5 15. d4 c4
16. dxe5 cxb3 17. g4 d5 18. gxh5 dxe4 19. Qxe4 Bb7 20. Qe2 f6 21. h6 Bh8 22. Bf4
Bxf3 23. Qxf3 fxe5 24. Qd5+ Rf7 25. Bg3 bxa2 26. Rxf7 Qxf7 27. Rf1 1-0

[Event "Olimpiade 2014 - Open"]
[Site "Tromsø"]
[Date "03.08.2014"]
[Round "2.70"]
[Board "1"]
[White "Jones, Richard S."]
[Black "Mdoe, Yusuf"]
[Result "1-0"]
[WhiteTitle "IM"]
[WhiteElo "2414"]
[BlackElo "1707"]
[WhiteTeam "Wales"]
[BlackTeam "Tanzania"]
[WhiteFideId "1800833"]
[BlackFideId "10002235"]
[EventDate "2014.08.02"]

1. d4 Nf6 2. c4 e6 3. Nc3 Be7 4. e4 d6 5. Nf3 b6 6. Be2 Bb7 7. Qc2 O-O 8. O-O
Nc6 9. Rd1 Qc8 10. a3 a6 11. Bg5 h6 12. Bh4 g5 13. Bg3 Nh5 14. d5 Nd8 15. Nd2
Nxg3 16. fxg3 Kg7 17. Nf1 c6 18. Kh1 Qc7 19. Ne3 Rc8 20. Bg4 b5 21. cxb5 cxb5
22. Qd3 Bf6 23. Rac1 Qb6 24. Bh5 Rc7 25. dxe6 Bxc3 26. Nf5+ Kh8 27. e7 Bg7 28.
Rxc7 Qxc7 29. Qxd6 Qxd6 30. Nxd6 Kg8 31. exf8=Q+ Kxf8 32. Nxb7 Nxb7 33. b4 Ke7
34. Bxf7 Bb2 35. Bd5 Nd6 36. Rd3 Kf6 37. Kg1 Ke5 38. Kf1 Nc4 39. a4 Bd4 40. axb5
axb5 41. Ke2 g4 42. Bc6 Nd6 43. Ra3 Bg1 44. h3 h5 45. Ra8 Bb6 46. Rh8 Kd4 47.
Rxh5 Kc4 48. e5 Nc8 49. e6 Nd6 50. e7 Bd4 51. e8=Q Nxe8 52. Bxe8 Kxb4 53. Rxb5+
Kc4 54. hxg4 Bg7 55. Ke3 Bd4+ 56. Ke4 Bf2 57. g5 Be1 58. g6 Bc3 59. Re5 1-0

[Event "Olimpiade 2014 - Open"]
[Site "Tromsø"]
[Date "03.08.2014"]
[Round "2.70"]
[Board "2"]
[White "Mwanyika, Geoffrey"]
[Black "Sands, David A"]
[Result "1/2-1/2"]
[WhiteElo "1922"]
[BlackElo "2210"]
[WhiteTeam "Tanzania"]
[BlackTeam "Wales"]
[WhiteFideId "10002294"]
[BlackFideId "402060"]
[EventDate "2014.08.02"]

1. e4 c5 2. c4 Nc6 3. Nf3 e6 4. Nc3 Nf6 5. d3 Be7 6. Be2 O-O 7. O-O d5 8. b3 b6
9. Bg5 Bb7 10. Rc1 dxe4 11. dxe4 Qb8 12. Bxf6 Bxf6 13. Bd3 Rd8 14. Qe2 Bxc3 15.
Rxc3 Nd4 16. Qe3 Nxf3+ 17. Qxf3 Qe5 18. Bb1 Rd4 19. Re3 Rad8 20. Qg4 Rd2 21. f4
Qd4 22. Qf3 Rd1 23. Rxd1 Qxd1+ 24. Qf1 Qd4 25. Qd3 f6 26. e5 f5 27. Qxd4 Rxd4
28. Rd3 Rxd3 29. Bxd3 g6 30. h4 h6 31. g3 Kg7 1/2-1/2

[Event "Olimpiade 2014 - Open"]
[Site "Tromsø"]
[Date "03.08.2014"]
[Round "2.70"]
[Board "3"]
[White "Rayner, Francis"]
[Black "Mlawa, Hemed"]
[Result "1-0"]
[WhiteElo "2177"]
[BlackElo "1799"]
[WhiteTeam "Wales"]
[BlackTeam "Tanzania"]
[WhiteFideId "1800132"]
[BlackFideId "10002251"]
[EventDate "2014.08.02"]

1. Nf3 d5 2. c4 e6 3. g3 Nf6 4. Bg2 Be7 5. O-O O-O 6. d4 h6 7. Qc2 b6 8. Rd1 Re8
9. Ne5 Bb7 10. Nc3 Bb4 11. a3 Bxc3 12. bxc3 Qe7 13. a4 a5 14. Ba3 Qd8 15. Rab1
Nbd7 16. c5 Nxe5 17. dxe5 Nd7 18. c4 c6 19. Qb2 Rb8 20. cxb6 Ba6 21. c5 Qg5 22.
f4 Qe7 23. e4 Bc4 24. Qc3 Ra8 25. Rb2 Reb8 26. exd5 exd5 27. Bh3 Rb7 28. Re1 1-0

[Event "Olimpiade 2014 - Open"]
[Site "Tromsø"]
[Date "03.08.2014"]
[Round "2.71"]
[Board "1"]
[White "Bah, Ebrima"]
[Black "De La Riva Aguado, Oscar"]
[Result "0-1"]
[BlackTitle "GM"]
[WhiteElo "2070"]
[BlackElo "2523"]
[WhiteTeam "Gambia"]
[BlackTeam "Andorra"]
[WhiteFideId "21100039"]
[BlackFideId "6900224"]
[EventDate "2014.08.02"]

1. e4 g6 2. d4 Bg7 3. f4 d5 4. e5 c5 5. c3 cxd4 6. cxd4 Nc6 7. Nc3 Nh6 8. Nf3
Bg4 9. Bb5 Nf5 10. O-O O-O 11. Bxc6 bxc6 12. h3 Bxf3 13. Rxf3 f6 14. g4 Nh4 15.
Rf1 fxe5 16. dxe5 g5 17. Qe1 e6 18. Be3 gxf4 19. Bc5 Rf7 20. Na4 Qg5 21. Bd6 h5
22. Nc5 Re8 23. Qd1 Bxe5 24. Bxe5 Qxe5 25. Nd3 Qe3+ 26. Nf2 Qg3+ 0-1